000 00843nam a2200313 i 4500
001 768714001
003 CO-MdFUSB
005 20201210092823.0
007 ta
008 200611t1996 -usa|||| |||| 00| 0 spa d
020 _a0825416876
040 _aCO-MdFUSB
_bspa
_cCO-MdFUSB
_dCO-MdFUSBC
_erda
041 _aspa
_heng
082 _223
_a231.4
_bS879
100 _aStone, Nathan J.
_eautor
240 _aThe names of God.
245 4 _aLos nombres de Dios
_c/ Nathan Stone
264 1 _aGrand Rapids, Mich. :
_bPortavoz,
_c[1996]
264 4 _c© 1996
300 _a168 páginas
_c; 18 cm
336 _2rdacontent
_atexto
_btxt
337 _2rdamedia
_aotro
_bn
338 _2rdacarrier
_avolumen
_bnc
563 _aRústico
650 7 _9178
_aDios
650 7 _9361
_aProvidencia divina
942 _cBK
945 _aJTF-925
999 _c66109
_d66109